[Event "FRA-ch U16"]
[Site "Rochefort"]
[Date "1998.04.13"]
[Round "3"]
[White "Cocieru, Mimai"]
[Black "Humeau, Cyril"]
[Result "1-0"]
[WhiteElo "1790"]
[BlackElo "1580"]
[PlyCount "135"]
[EventDate "1998.04.12"]
[EventType "tourn"]
[EventRounds "9"]
[EventCountry "FRA"]
[SourceTitle "EXT 2010"]
[Source "ChessBase"]
[SourceDate "2010.11.25"]
[SourceVersion "1"]
[SourceVersionDate "2010.11.25"]
[SourceQuality "1"]

1. d4 Nf6 2. c4 e5 3. dxe5 Ng4 4. Nf3 Bc5 5. e3 Nc6 6. Be2 Ngxe5 7. 0-0 0-0 8. Nc3 d6 9. Ne4 Bb6 10. Bd2 Bf5 11. Ng3 Nxf3+ 12. Bxf3 Bg6 13. Bc3 Re8 14. b4 a6 15. Nh5 Bxh5 16. Bxh5 Ne5 17. Be2 Qe7 18. Qc2 Rad8 19. Rad1 Qe6 20. Bb2 Ng6 21. h3 Bxe3 22. Bg4 Bxf2+ 23. Rxf2 Qe4 24. Bf5 Qxc2 25. Bxc2 Ne5 26. Bxe5 Rxe5 27. c5 d5 28. Rf5 f6 29. Rxe5 fxe5 30. Kf2 c6 31. Ke3 Rf8 32. g3 e4 33. Rg1 Rf3+ 34. Kd4 Rf2 35. Bb3 Rd2+ 36. Ke5 Rf2 37. Kd6 Rf7 38. Rg2 Kf8 39. Bd1 Ke8 40. Bg4 Kd8 41. Ke5 Rf6 42. Be2 Kd7 43. Kd4 Kc7 44. Ke3 Rh6 45. Rf2 Rxh3 46. Rf7+ Kb8 47. Rxg7 Rh2 48. Rd7 Rg2 49. g4 h6 50. Rd6 Rh2 51. Bxa6 bxa6 52. Rxc6 Rh3+ 53. Ke2 Rg3 54. Rxh6 Rxg4 55. Rxa6 d4 56. b5 Rg2+ 57. Kf1 Rb2 58. b6 d3 59. c6 Rb1+ 60. Kf2 d2 61. c7+ Kb7 62. Ra7+ Kxb6 63. c8Q Rf1+ 64. Ke3 d1N+ 65. Ke2 Kxa7 66. Kxf1 Ne3+ 67. Ke2 Nd5 68. Qd7+ 1-0